=LDR 00000nam 2200000 4500 =001 INLIS000000000008037 =005 20200616090259 =035 ##$$a 0010-061300000008037 =008 200616################g##########0#ind## =041 ##$$a Ind =082 ##$$a 2x0.04 =090 ##$$a 2x0.04, Biz p =100 1#$$a Bizawie, Zainul Hilal =245 1#$$a Perlawanan kultural agama rakyat, pemikiran dan paham keagamaan, /$c Zainal Milal Bizawie =260 ##$$a Jakarta :$b Samha,$c 2002 =300 ##$$a xxix, 281 hlm, : $b Ilus. ; $c 15x22 cm. =650 #4$$a Islam dan tradisional =850 ##$$a NBPNMAT =020 ##$$a 979-9687-0-04 =084 ##$$a 2x0.04 BIZ p =250 ##$$a cet.1 =990 ##$$a 172.476/Pro.2002 =990 ##$$a 172.477/Pro.2002 =990 ##$$a 172.478/Pro.2002 =990 ##$$a 172.479/Pro.2002 =990 ##$$a 00044919 =990 ##$$a 00089997